000 00621nam a2200205Ia 4500
003 IN-BaIIA
008 211028s9999 xx 000 0 eng d
020 _a0-85226-446-1
040 _cIIA Library
080 _a083:51
_bWES
100 _aJutz, Hermann
_914246
245 0 _aWestermann tables for the metal trade
_cHermann Jutz and Eduard Scharkus
260 _aNew Delhi
_bWiley Eastern
_c1987
300 _a147p.
490 _aSKIP series; no. 3
650 _aNASA Thesaurus
650 _aTables-Mathematical
_94073
700 _aScharkus, Eduard.
_914248
942 _cBK
999 _c9233
_d9233